| 000 | 01408nam0a2200361 4500 | ||
|---|---|---|---|
| 001 | RU\NLR\b_ik\114880 | ||
| 005 | 20260408194932.0 | ||
| 010 | _a0-521-56233-3 | ||
| 035 | _a(NLR Aleph) 002188525 | ||
| 090 |
_a2880000 _c2880000 |
||
| 100 | _a20040712d2004 k y0rusy50 ca | ||
| 101 | 0 | _aeng | |
| 102 | _aRU | ||
| 105 | _aa ||||||||| | ||
| 200 | 1 |
_aThe raising of predicates _ePredicative noun phrases a. the theory of clause structure _fAndrea Moro |
|
| 210 |
_aCambridge etc. _cCambridge univ. press _d2004 |
||
| 215 |
_aX, 318 с. _cсхем. _d24 |
||
| 225 | 1 |
_aCambridge studies in liguistics _v80 |
|
| 320 | _aБиблиогр.: с. 301-309 | ||
| 320 | _aУказ.: с. 310-318 | ||
| 541 | 0 |
_aРасширение роли предиката _eКонструкции с именными предикатами и теория структуры предложения _zrus |
|
| 606 | 0 |
_aСказуемое _91624344 _3RU\NLR\AUTH\661015231 |
|
| 606 | 0 |
_aGrammar, comparative and general - clauses _2lcsh |
|
| 606 | 0 |
_aGrammar, comparative and general - syntax _2lcsh |
|
| 606 | 0 |
_aGrammar, comparative and general - verb phrases _2lcsh |
|
| 606 |
_aПредложение (лингв.) _3RU\NLR\AUTH\661379419 _92304298 |
||
| 676 |
_a415 _v20 |
||
| 686 | 4 | _aШ102.22 | |
| 700 | 1 |
_aMoro _bA. _gAndrea _4070 |
|
| 801 | 0 |
_aRU _bNLR _c20040712 _gPSBO |
|
| 942 | _cBOOK | ||
| 980 | _aNB | ||